LEADER 01219nam a2200217 i 4500 001 000000184102 003 CaOOAMICUS 005 20200507094159.0 008 091217s1935 it u000 u ita u 013 $a162077 040 $aSeMil$bita 100 1 $aRossi, Antonio Anastasio,$c.$0(OLS)http://semarc/name/67687 245 10$aEchi di 25. anni di episcopato :$blettere e discorsi pastorali, lettere e discorsi vari, discorsi pronunciati in occasione di cerimonie patriottiche /$cAntonio Anastasio Rossi. 260 $aPompei :$bScuola tipografica pontificia per i figli dei carcerati,$c1935. 300 $aVIII, 559 p., [1] p. di tav. :$britr. ;$c30 cm. 600 14$aRossi, Antonio Anastasio .$0(OLS)http://semarc/subject/34634 850 $aSeMil 852 $aSeMil$W1$xVenegono$y1$m3E VI 118$j134798$B134798$CSeMilBibl$Z2$F146459 $81 996 $6245$aEchi di 25. anni di episcopato :$blettere e discorsi pastorali, lettere e discorsi vari, discorsi pronunciati in occasione di cerimonie patriottiche$9(OLS)http://semarc/title/264249 996 $6260$aPompei :$bScuola tipografica pontificia per i figli dei carcerati$9(OLS)http://semarc/publisher/32757 LEADER 00997nam a2200217 i 4500 001 000000050435 003 CaOOAMICUS 005 20250128084618.0 008 130110s1707 xx u000 u lat u 013 $a21606 026 $a.d- d.o. t.i, miad (3) 1707 (R) 040 $aSeMil$bita 100 1 $aBonacina, Martino,$c.$0(OLS)http://semarc/name/6147 245 10$a1. 300 $a[24], 904, [76] p. 500 $aSegn.: ?6 ?6 A-4E6 4F8 a-h4 i6. 773 0 $aBonacina, Martino $tMartini Bonacinae mediolanensis, ... Opera omnia in tres tomos distributa, quorum priores duo nonnullis tractatibus, ..$bHac nouissima editio à multis mendis expurgata continet omnes additiones, ...$dMediolani : Ex Typographia Caroli Iosephi Quinti ad Plateam Mercatorum, 1707.$g1$w()12928 850 $aSeMil 852 $aSeMil$W1$xVenegono$y1$m2E VI 40 FA$j16590$B16590$CSeMilBibl$Z2$F16590 $8I 996 $6245$a1$9(OLS)http://semarc/title/6508